LIBRARY & INFORMATION CENTRE, KCAET, TAVANUR

ONLINE PUBLIC ACCESS CATALOGUE (OPAC)

Advanced inorganic chemistry / (Record no. 7546)

MARC details
000 -LEADER
fixed length control field 00496cam a2200205ua 4500
041 ## - LANGUAGE CODE
Language code of text/sound track or separate title eng
082 ## - DEWEY DECIMAL CLASSIFICATION NUMBER
Classification number 546
Item number SAT/AD
100 ## - MAIN ENTRY--AUTHOR NAME
Personal name Satya Prakash, .
245 ## - TITLE STATEMENT
Title Advanced inorganic chemistry /
250 ## - EDITION STATEMENT
Edition statement 9 /
260 ## - PUBLICATION, DISTRIBUTION, ETC. (IMPRINT)
Place of publication New Delhi :
Name of publisher S.Chand and Co ,
Year of publication 1961.
300 ## - PHYSICAL DESCRIPTION
Number of Pages 712 ; .
700 1# - ADDED ENTRY--PERSONAL NAME
Personal name Basu, S K .
700 1# - ADDED ENTRY--PERSONAL NAME
Personal name Tuli, G D .
942 ## - ADDED ENTRY ELEMENTS (KOHA)
Koha item type Books
Holdings
Withdrawn status Lost status Damaged status Home library Current library Date acquired Full call number Accession Number Koha item type
      KAUAET KAUAET 07/04/2012 546 3641 Books
free website counter